|
|
|
|
| LEADER |
01224nam a22002897a 4500 |
| 001 |
36664 |
| 003 |
BD-DhAAL |
| 005 |
20191121101509.0 |
| 008 |
191121r19991998np a|||| b||| 00| 0 eng d |
| 999 |
|
|
|c 41869
|d 41869
|
| 040 |
|
|
|a BD-DhAAL
|
| 082 |
|
|
|a 338.95492
|
| 245 |
|
|
|a Nepal human development report,
|n 1998.
|
| 260 |
|
|
|a Kathmandu, Nepal :
|b Nepal South Asia Centre,
|c c1998 [reprinted 1999]
|
| 300 |
|
|
|a xxii, 295 pages :
|b illustrations ;
|c 30 cm
|
| 504 |
|
|
|a Includes bibliographical references (pages 290-295).
|
| 526 |
|
|
|a ESS
|
| 541 |
|
|
|a Complimentary copy from Professor Dr. Nasreen Khundker
|e 36664
|
| 650 |
|
|
|a Economic assistance, Domestic
|z Nepal.
|9 37487
|
| 651 |
|
|
|a Nepal
|x Economic policy.
|9 37488
|
| 651 |
|
|
|a Nepal
|x Social policy.
|9 37489
|
| 651 |
|
|
|a Nepal
|x Politics and government.
|9 37490
|
| 710 |
|
|
|a Nepal South Asia Centre (Kathmandu, Nepal)
|9 37491
|
| 710 |
|
|
|a United Nations Development Programme (Nepal)
|9 37492
|
| 852 |
|
|
|a Ayesha Abed Library
|c General Stacks
|
| 942 |
|
|
|2 ddc
|c BK
|
| 952 |
|
|
|0 0
|1 0
|2 ddc
|4 0
|6 338_954920000000000_NEP
|7 0
|9 67249
|a BRACUL
|b BRACUL
|c GEN
|d 2019-11-21
|e Complimentary copy from Professor Dr. Nasreen Khundker
|l 0
|o 338.95492 NEP
|p 3010036664
|r 2019-11-21
|t 1
|w 2019-11-21
|y BK
|